000 01125nam a22001937a 4500
999 _c64165
_d64165
003 Ge_BSU
005 20260423122551.0
008 260423s1956 ge ||||| |||| 00| 0 geo d
041 _ageo
080 _a338.45(47+57)(075.8) ს-43
245 _aსსრ კავშირის მრეწველობის ეკონომიკა :
_b სახელმძღვ. /
_cთავების ავტ. : პ.ა. ხრომოვი, ა.ა. არაქელიანი, კ.ი. კლიმენკო; სსრკ მეცნ. აკად., ეკონომიკის ინ-ტი.
264 _aთბ. :
_b სახელგამი,
_c1956.
300 _a560 გვ. ;
_b23 სმ.
653 _aსსრ კავშირის მრეწველობის ეკონომიკა
700 _aხრომოვი, პ.ა.
_eავტორი
_927359
700 _aკლიმენკო, კ.ი.
_eავტორი
_927360
710 _aსსრკ მეცნ. აკად., ეკონომიკის ინ-ტი.
_927361
942 _2udc
_cᲬᲘᲒᲜᲘ